|
|
|
|
| LEADER |
00000ny a22000003n 4500 |
| 005 |
20110623111152.0 |
| 008 |
A10218s2004 sp || 000|0 spa d |
| 020 |
|
|
|a 9788495027009
|
| 035 |
|
|
|a 351
|
| 040 |
|
|
|a BUS
|d vLex
|
| 080 |
|
|
|a 334.751 460
|
| 080 |
|
|
|a 336.761 460
|
| 090 |
|
|
|c 1041
|d 1041
|
| 100 |
1 |
|
|a Fondevila Roca, Eduardo.
|
| 245 |
1 |
0 |
|a Fusiones y adquisiciones como instrumentos estratǧicos del empresario
|h [Recurso electrn̤ico]
|c por Eduardo Fondevila Roca
|
| 256 |
|
|
|a Servicio en ln̕ea
|
| 260 |
|
|
|a Barcelona
|b Cedecs,
|c 2004
|
| 300 |
|
|
|a p. ; cm
|
| 650 |
0 |
7 |
|a Fusin̤ societaria
|2 Tesauro vLex
|
| 650 |
0 |
7 |
|a Societario
|2 Tesauro vLex
|
| 650 |
0 |
7 |
|a Derecho de sociedades
|2 Tesauro vLex
|
| 650 |
0 |
7 |
|a Fusin̤ de sociedades
|2 Tesauro vLex
|
| 740 |
0 |
|
|a vLex Libros (Servicios en ln̕ea)
|
| 856 |
4 |
0 |
|u http://vlex.com/source/351
|z Acceso restringido
|
| 942 |
|
|
|c BOOK
|